| 000 | 02556nam a2200265Ia 4500 | ||
|---|---|---|---|
| 005 | 20260305165252.0 | ||
| 008 | 210716s2015 xx 000 0 und d | ||
| 020 | _a9789350042892 | ||
| 040 | _cAIMIT LIBRARY | ||
| 041 | _aeng | ||
| 082 |
_a658.3125 _21 _bRAOC |
||
| 100 |
_aRao, C Appa. _939312 |
||
| 245 |
_aPerformance management / _cBy C. Appa Rao |
||
| 250 | _a1st ed. | ||
| 260 |
_aNew Delhi : _bBiztantra , _c2015. |
||
| 300 |
_axxxvi, 352p _bPB _c23.5 cm |
||
| 500 | _aThis book is a comprehensive textbook on Performance Management that fulfills the needs of the management students. The author, with his extensive experience of teaching the subject has realized that, despite a plethora of books on Performance Management, students still experience difficulty in finding out an easily understandable book covering, by and large, the course structure prescribed by various universities. Keeping this need in view, the author has endeavoured to bring out this book encompassing the important concepts of performance management generally prescribed for management students by most of the universities. | ||
| 504 | _aPart I : Fundamentals of Performance Management · Introduction to Performance Management · Defining and Measuring Performance · Historical Perspective of Performance Management · Goal Setting Theory and Expectancy Theory · Performance Management Model and System Part II : Performance Management Process - I · Performance Planning · Performance Standards · Key Performance Areas and Key Result Areas · Competence and Competency Mapping · Performance Execution and Monitoring Part III : Performance Management Process - II · Performance Appraisal · 360-Degree Appraisal · Performance Review and Feedback · Employee Development through Performance Management · Coaching, Counseling and Mentoring · Performance Related Pay Part IV: Team and Organizational Performance Management · Managing Team Performance · High Performance Work Teams · Balanced Scorecard · Integrated Performance and Concept of Maturity Alignment Part V: Case Studies Index | ||
| 505 | _rAbout the Author Dr. C. Appa Rao is a distinguished professor of management in the Institute of Management | ||
| 650 |
_aFundamentals of Performance Management _939313 |
||
| 650 |
_aPerformance Management Process _939314 |
||
| 650 |
_aTeam and Organizational Performance Management _939315 |
||
| 650 |
_aCase Studies _939316 |
||
| 942 |
_2ddc _cBK _e1st _k658.3125 RAOC |
||
| 999 |
_c209569 _d209569 |
||